000 01357nam a2200349 c 4500
003 BLK
005 20241008160853.0
008 180408b bul|||||r ||||||| ||bul||
010 _aKNG00083708000
020 _a978-954-585-886-4
_bиздат.: Бард
040 _aBLK
041 _aBUL
_cBUL
080 _aАмериканска литература (на САЩ)
_b821.111(73)
_x-312.4
_z821.111(73)-312.4
100 1 _aКлайн, Матю
_eпърви автор
_9299095
700 _aБожилов, Венцислав Божидаров
_cТеодосиев, Стефан, 1968- (псевдоним)
_d1968-
_9367877
139 _aКлайн, Матю
_bК 63
245 1 0 _aЛов на балами
_bРоман
_cМатю Клайн; прев. Венцислав Божидаров Божилов.
257 _aUSA
260 София
_bБард
_c2008
300 _a365 с.
_c20 см
380 _aX
490 1 _aКралете на трилъра
500 _aОриг. загл. Con Ed / Matthew Klein. - Съдържа и За автора.
653 _aкрими
653 _aромани
852 _aЦб 239898
856 4 _qpdf
_u
856 4 _qpdf
_u
942 _cKNG
_n0
_027
944 _aCR
_c12.05.2008
_lЦветелина Шанова
_k30531
944 _aED
_c26.08.2015
_lф /
_kЛюдмила_Стоянова
999 _c79235
_d79235